logo

Bir Sreshtho Munshi Abdur Rouf Library
Jhenaidah Cadet College

An uncertain glory : (Record no. 12685)

MARC details
000 -LEADER
fixed length control field 03470aam a22007691a 4500
001 - CONTROL NUMBER
control field 12685
003 - CONTROL NUMBER IDENTIFIER
control field UkOxU
005 - DATE AND TIME OF LATEST TRANSACTION
control field 20230506105001.0
006 - FIXED-LENGTH DATA ELEMENTS--ADDITIONAL MATERIAL CHARACTERISTICS
fixed length control field m || d |
007 - PHYSICAL DESCRIPTION FIXED FIELD--GENERAL INFORMATION
fixed length control field cr |||||||||||
008 - FIXED-LENGTH DATA ELEMENTS--GENERAL INFORMATION
fixed length control field 230506s2013 njuab ob 001 0 eng d
015 ## - NATIONAL BIBLIOGRAPHY NUMBER
National bibliography number GBB7H2589
Source bnb
020 ## - INTERNATIONAL STANDARD BOOK NUMBER
International Standard Book Number 978184614761
020 ## - INTERNATIONAL STANDARD BOOK NUMBER
International Standard Book Number 1400848776
Qualifying information (electronic bk.)
020 ## - INTERNATIONAL STANDARD BOOK NUMBER
International Standard Book Number 9781846147623
Qualifying information (electronic bk.)
020 ## - INTERNATIONAL STANDARD BOOK NUMBER
International Standard Book Number 184614762X
Qualifying information (electronic bk.)
020 ## - INTERNATIONAL STANDARD BOOK NUMBER
Canceled/invalid ISBN 9780691160795
035 ## - SYSTEM CONTROL NUMBER
System control number (BDJhCC)12685
037 ## - SOURCE OF ACQUISITION
Stock number PenguinGroup303784
Source of stock number/acquisition Ingram Content Group
040 ## - CATALOGING SOURCE
Original cataloging agency N$T
Language of cataloging eng
Description conventions pn
Transcribing agency N$T
Modifying agency EBLCP
-- YDXCP
-- E7B
-- MHW
-- MEAUC
-- JSTOR
-- LRU
-- OCLCF
-- OCLCO
-- OCLCQ
-- OCL
-- TEFOD
-- OCLCQ
-- OTZ
-- MERUC
-- Uk
-- BDJhCC
042 ## - AUTHENTICATION CODE
Authentication code ukblsr
050 #4 - LIBRARY OF CONGRESS CALL NUMBER
Classification number HC435.2
072 #7 - SUBJECT CATEGORY CODE
Subject category code BUS
Subject category code subdivision 020000
Source bisacsh
072 #7 - SUBJECT CATEGORY CODE
Subject category code BUS
Subject category code subdivision 068000
Source bisacsh
072 #7 - SUBJECT CATEGORY CODE
Subject category code BUS
Subject category code subdivision 092000
Source bisacsh
072 #7 - SUBJECT CATEGORY CODE
Subject category code BUS
Subject category code subdivision 079000
Source bisacsh
072 #7 - SUBJECT CATEGORY CODE
Subject category code BUS
Subject category code subdivision 062000
Source bisacsh
072 #7 - SUBJECT CATEGORY CODE
Subject category code POL
Subject category code subdivision 024000
Source bisacsh
072 #7 - SUBJECT CATEGORY CODE
Subject category code POL024000
Source bisacsh
072 #7 - SUBJECT CATEGORY CODE
Subject category code SOC000000
Source bisacsh
072 #7 - SUBJECT CATEGORY CODE
Subject category code POL007000
Source bisacsh
072 #7 - SUBJECT CATEGORY CODE
Subject category code HIS017000
Source bisacsh
072 #7 - SUBJECT CATEGORY CODE
Subject category code BUS068000
Source bisacsh
082 04 - DEWEY DECIMAL CLASSIFICATION NUMBER
Classification number 338.954
Edition number 23
Item number DRU 2013
100 1# - MAIN ENTRY--PERSONAL NAME
Personal name Drèze, Jean.
245 13 - TITLE STATEMENT
Title An uncertain glory :
Remainder of title India and its contradictions /
Statement of responsibility, etc. Jean Drèze and Amartya Sen.
260 ## - PUBLICATION, DISTRIBUTION, ETC.
Place of publication, distribution, etc. Princeton :
Name of publisher, distributor, etc. Princeton University Press,
Date of publication, distribution, etc. ©2013.
300 ## - PHYSICAL DESCRIPTION
Extent 1 online resource (xiii, 433 pages) :
Other physical details illustrations, map.
336 ## - CONTENT TYPE
Content type term text
Source rdacontent
337 ## - MEDIA TYPE
Media type term computer
Source rdamedia
338 ## - CARRIER TYPE
Carrier type term online resource
Source rdacarrier
500 ## - GENERAL NOTE
General note Academic
504 ## - BIBLIOGRAPHY, ETC. NOTE
Bibliography, etc. note Includes bibliographical references and indexes.
505 0# - FORMATTED CONTENTS NOTE
Formatted contents note 1 A New India? -- 2 Integrating Growth and Development -- 3 India in Comparative Perspective -- 4 Accountability and Corruption -- 5 The Centrality of Education -- 6 India's Health Care Crisis -- 7 Poverty and Social Support -- 8 The Grip of Inequality -- 9 Democracy, Inequality and Public Reasoning -- 10 The Need for Impatience.
506 1# - RESTRICTIONS ON ACCESS NOTE
Terms governing access Legal Deposit;
Physical access provisions Only available on premises controlled by the deposit library and to one user at any one time;
Authorization The Legal Deposit Libraries (Non-Print Works) Regulations (UK).
Institution to which field applies UkOxU
540 ## - TERMS GOVERNING USE AND REPRODUCTION NOTE
Terms governing use and reproduction Restricted: Printing from this resource is governed by The Legal Deposit Libraries (Non-Print Works) Regulations (UK) and UK copyright law currently in force.
Institution to which field applies UkOxU
588 0# - SOURCE OF DESCRIPTION NOTE
Source of description note Print version record.
650 #7 - SUBJECT ADDED ENTRY--TOPICAL TERM
Topical term or geographic name entry element HISTORY / Asia / India & South Asia
Source of heading or term bisacsh
650 #7 - SUBJECT ADDED ENTRY--TOPICAL TERM
Topical term or geographic name entry element BUSINESS & ECONOMICS
General subdivision Development
-- Business Development.
Source of heading or term bisacsh
650 #7 - SUBJECT ADDED ENTRY--TOPICAL TERM
Topical term or geographic name entry element BUSINESS & ECONOMICS
General subdivision Development
-- Economic Development.
Source of heading or term bisacsh
650 #7 - SUBJECT ADDED ENTRY--TOPICAL TERM
Topical term or geographic name entry element BUSINESS & ECONOMICS
General subdivision Development
-- General.
Source of heading or term bisacsh
650 #7 - SUBJECT ADDED ENTRY--TOPICAL TERM
Topical term or geographic name entry element BUSINESS & ECONOMICS
General subdivision Government & Business.
Source of heading or term bisacsh
650 #7 - SUBJECT ADDED ENTRY--TOPICAL TERM
Topical term or geographic name entry element BUSINESS & ECONOMICS
General subdivision Structural Adjustment.
Source of heading or term bisacsh
650 #7 - SUBJECT ADDED ENTRY--TOPICAL TERM
Topical term or geographic name entry element POLITICAL SCIENCE
General subdivision Public Policy
-- Economic Policy.
Source of heading or term bisacsh
650 #7 - SUBJECT ADDED ENTRY--TOPICAL TERM
Topical term or geographic name entry element Economic development.
Source of heading or term fast
Authority record control number or standard number (OCoLC)fst00901785
650 #7 - SUBJECT ADDED ENTRY--TOPICAL TERM
Topical term or geographic name entry element Economic history.
Source of heading or term fast
Authority record control number or standard number (OCoLC)fst00901974
650 #7 - SUBJECT ADDED ENTRY--TOPICAL TERM
Topical term or geographic name entry element Social conditions
Source of heading or term fast
Authority record control number or standard number (OCoLC)fst01919811
650 #0 - SUBJECT ADDED ENTRY--TOPICAL TERM
Topical term or geographic name entry element Economic development
Geographic subdivision India
General subdivision History.
651 #0 - SUBJECT ADDED ENTRY--GEOGRAPHIC NAME
Geographic name India
General subdivision Economic conditions
Chronological subdivision 1947-
651 #0 - SUBJECT ADDED ENTRY--GEOGRAPHIC NAME
Geographic name India
General subdivision Social conditions
Chronological subdivision 1947-
651 #7 - SUBJECT ADDED ENTRY--GEOGRAPHIC NAME
Geographic name India.
Source of heading or term fast
Authority record control number or standard number (OCoLC)fst01210276
655 #4 - INDEX TERM--GENRE/FORM
Genre/form data or focus term Electronic books.
655 #7 - INDEX TERM--GENRE/FORM
Genre/form data or focus term History.
Source of term fast
Authority record control number (OCoLC)fst01411628
700 1# - ADDED ENTRY--PERSONAL NAME
Personal name Sen, Amartya,
Dates associated with a name 1933-
942 ## - ADDED ENTRY ELEMENTS (KOHA)
Source of classification or shelving scheme Dewey Decimal Classification
Koha item type Books
Holdings
Withdrawn status Lost status Source of classification or shelving scheme Damaged status Not for loan Home library Current library Shelving location Date acquired Total Checkouts Full call number Barcode Date last seen Copy number Price effective from Koha item type
    Dewey Decimal Classification     JCC Rouf Library JCC Rouf Library General Stacks 05/06/2023   338.954 DRU 2013 17600 05/06/2023 C-1 05/06/2023 Books

JCC Library | Contacts | JCC Home

Last Update on 23 September 2017
Copyright @ 2017-2020 JCC Rouf Library
Rouf Library, Jhenidah Cadet College (JCC), Bangladesh